000 00571nam a2200229 a 4500
001 nice12345678
003 IN_TiNIC
005 20260116014832.0
008 070423s2004 lona grp 000 0 eng
020 _a1850437513
_c3708
082 0 0 _a297.1
_bTAJ
100 _aTaji-Farouki, Suha
245 _aIslamic Thought in the Twentieth Century
260 _aLondon
_bTauris Pub.
_c2004
300 _a387p
500 _aincludes index and biblioraphy
505 2 _aindex
650 _aIslam-20th Century
902 _bSRS
942 _cBK
999 _c17211
_d17211